La Situación laboral del personal de la administración pública /

Gespeichert in:
Bibliographische Detailangaben
1. Verfasser: Saravia, Enrique
Format: Text
Tags: Tag hinzufügen
Keine Tags, Fügen Sie den ersten Tag hinzu!

MARC

LEADER 00000 a a2200000 04500
001 14061
003
040
100 |a Saravia, Enrique  
245 |a La Situación laboral del personal de la administración pública /  |c Enrique Saravia 
773 |g número 28 -29; páginas 39-77  
999 |c 35168  |d 35168